|
|
|
|
| LEADER |
00000nam0a2200000 4500 |
| 001 |
121984 |
| 005 |
20231031125807.0 |
| 020 |
|
|
|a RU
|b 83-35298
|
| 035 |
|
|
|a (RuTPU)RU\TPU\book\132097
|
| 090 |
|
|
|a 121984
|
| 100 |
|
|
|a 20070925d1983 m y0rusy5003 ca
|
| 101 |
0 |
|
|a rus
|
| 102 |
|
|
|a RU
|
| 105 |
|
|
|a y z 000ay
|
| 200 |
1 |
|
|a Материнское окно
|e Избранное
|f В. И. Кочетков
|g авт. предисл. О. Михайлов; худож. Ю. Копылов
|
| 210 |
|
|
|a Москва
|c Молодая гвардия
|d 1983
|
| 215 |
|
|
|a 319 с.
|c ил., 1 л. портр.
|d 17 см
|
| 610 |
1 |
|
|a советская литература
|
| 610 |
1 |
|
|a стихи
|
| 675 |
|
|
|a Р2
|z rus
|
| 700 |
|
1 |
|a Кочетков
|b В. И.
|g Виктор Иванович
|4 070
|
| 702 |
|
1 |
|a Михайлов
|b О.
|4 080
|
| 702 |
|
1 |
|a Копылов
|b Ю.
|4 440
|
| 801 |
|
0 |
|a RU
|b RuMRKP
|c 19950704
|g psbo
|
| 801 |
|
1 |
|a RU
|b 63413507
|c 20070925
|g PSBO
|
| 801 |
|
2 |
|a RU
|b 63413507
|c 20070925
|g PSBO
|
| 942 |
|
|
|c BK
|